000 00479nam a2200145 a 4500
008 120416s1978 ||||||||||||||||| || u
050 _aHD 31 Ful
100 _aFulmer, Robert M
245 1 4 _aThe new management. (2nd ed.)
250 _a2nd ed.
260 _aNew York:
_bMacmillan
_c1978
350 _a0.00
650 0 _aMANAGEMENT
995 _D0.00
_FCBU-MAIN LIBRARY (Kitwe)
_H1
_I0.00
_M1
_UDAMAGED
_ZMain Library Open Access Collection
999 _c52160
_d52160